[Event "Junior Online 4NCL Division 4"]
[Site "online"]
[Date "2020.08.20"]
[Round "1.235"]
[White "Karanam, Guha Saran"]
[Black "Payne, Luca"]
[Result "1-0"]
[WhiteElo "1412"]
[BlackElo "1007"]
[PlyCount "81"]
[EventDate "2020.08.20"]
[WhiteTeam "Colchester Juniors B"]
[BlackTeam "The Hall 3"]

1. d4 d5 2. Bf4 Bf5 3. c4 Nf6 4. e3 Bxb1 5. Rxb1 dxc4 6. Bxc4 Ne4 7. Qc2 Nf6 8.
Nf3 Nc6 9. O-O Qd5 10. Bxd5 Nxd5 11. e4 Ndb4 12. Qa4 Nd3 13. d5 Nxf4 14. dxc6
Ne2+ 15. Kh1 b6 16. Rbd1 e6 17. Rd2 Nf4 18. Rfd1 Bd6 19. Rxd6 cxd6 20. c7+ Ke7
21. Qc6 Rhc8 22. Qxd6+ Ke8 23. Qxf4 a5 24. Qd6 h5 25. Qd7+ Kf8 26. Qd8+ Rxd8
27. Rxd8+ Ke7 28. Rxa8 Kf6 29. c8=Q g5 30. Qh8+ Ke7 31. Qxh5 g4 32. Qxg4 f5 33.
exf5 exf5 34. Qxf5 b5 35. Rxa5 Ke8 36. Rxb5 Ke7 37. Re5+ Kd6 38. Qd3+ Kc6 39.
Re4 Kc5 40. Rc4+ Kb5 41. Qb3+ 1-0

[Event "Junior Online 4NCL Division 4"]
[Site "online"]
[Date "2020.08.20"]
[Round "1.236"]
[White "O'Connor, Caolon"]
[Black "Chung, Vince"]
[Result "0-1"]
[WhiteElo "1075"]
[BlackElo "1352"]
[PlyCount "136"]
[EventDate "2020.08.20"]
[WhiteTeam "The Hall 3"]
[BlackTeam "Colchester Juniors B"]

1. e4 c5 2. Nf3 d6 3. Bb5+ Bd7 4. Bxd7+ Nxd7 5. Nc3 Ngf6 6. d3 Nb8 7. Bg5 Nc6
8. Bxf6 exf6 9. O-O g6 10. Qc1 Bg7 11. Qd1 O-O 12. Nb1 Qc7 13. Nbd2 Rad8 14. c3
d5 15. exd5 Rxd5 16. c4 Rxd3 17. Qe2 Rfd8 18. Nb3 f5 19. Nxc5 R3d6 20. Rfd1 b6
21. Rxd6 Rxd6 22. Nb3 Rd8 23. c5 bxc5 24. Nxc5 Bxb2 25. Qxb2 Qd6 26. Qc2 Nb4
27. Qc1 Nd3 28. Qf1 Nxc5 29. Ng5 Ne6 30. Nxe6 fxe6 31. h3 g5 32. g3 f4 33. gxf4
Qxf4 34. Qa6 g4 35. hxg4 Qxg4+ 36. Kf1 Qh3+ 37. Ke1 Qh1+ 38. Qf1 Qe4+ 39. Qe2
Qa8 40. Qxe6+ Kh8 41. Qf6+ Kg8 42. Qe6+ Kf8 43. Qe2 Re8 44. Qxe8+ Qxe8+ 45. Kf1
Qb5+ 46. Kg2 h5 47. Rh1 Qd5+ 48. Kg1 Qf3 49. Rh2 Kf7 50. Rg2 Kf6 51. Rg3 Qd5
52. f4 h4 53. Rg5 Qd4+ 54. Kg2 Qxf4 55. Ra5 Qg3+ 56. Kf1 h3 57. Ra6+ Kg5 58.
Rxa7 Kf5 59. Rf7+ Ke5 60. Re7+ Kd6 61. Re2 h2 62. Rd2+ Kc6 63. Rc2+ Kb5 64.
Rb2+ Kc4 65. Rc2+ Kd3 66. Rxh2 Qxh2 67. a4 Ke3 68. a5 Qf2# 0-1

[Event "Junior Online 4NCL Division 4"]
[Site "online"]
[Date "2020.08.20"]
[Round "1.237"]
[White "Salkauskas, Deimantas"]
[Black "Bahl, Arkin"]
[Result "1-0"]
[WhiteElo "947"]
[BlackElo "1022"]
[PlyCount "76"]
[EventDate "2020.08.20"]
[WhiteTeam "Colchester Juniors B"]
[BlackTeam "The Hall 3"]

1. e4 e5 2. Nf3 Nc6 3. Bc4 Bc5 4. Nc3 Nf6 5. d3 d6 6. h3 Be6 7. Nd5 Bxd5 8.
exd5 Nxd5 9. Bxd5 Nb4 10. Bxb7 Rb8 11. Be4 Na6 12. Ng5 f6 13. Qh5+ g6 14. Bxg6+
hxg6 15. Qxh8+ Kd7 16. Qxd8+ Rxd8 17. Nf3 Rb8 18. h4 g5 19. hxg5 fxg5 20. Nxg5
Rg8 21. Ne4 Rxg2 22. Nxc5+ Nxc5 23. Be3 Rg6 24. Rh7+ Ke8 25. Ke2 Rg8 26. Rxc7
Ne6 27. Rxa7 Nc5 28. Bxc5 Rg2 29. Bxd6 Rg6 30. Rh1 Rg8 31. Ra8+ Kf7 32. Rxg8
Kxg8 33. a4 Kg7 34. a5 Kf7 35. a6 Ke8 36. Bxe5 Kd8 37. a7 Kc8 38. a8=Q+ Kd7 1-0

[Event "Junior Online 4NCL Division 4"]
[Site "online"]
[Date "2020.08.20"]
[Round "1.238"]
[White "Litvin, Theo"]
[Black "Rida, Ruqayyah"]
[Result "1/2-1/2"]
[WhiteElo "760"]
[BlackElo "790"]
[PlyCount "89"]
[EventDate "2020.08.20"]
[WhiteTeam "The Hall 3"]
[BlackTeam "Colchester Juniors B"]

1. e4 e5 2. Nf3 Nc6 3. Bc4 Bc5 4. d3 Nf6 5. Ng5 O-O 6. Nc3 h6 7. Nxf7 Rxf7 8.
Bxf7+ Kxf7 9. O-O Kg8 10. Qf3 d6 11. Qg3 Kh7 12. Nd5 Be6 13. Be3 Bxe3 14. Nxf6+
Qxf6 15. fxe3 Qe7 16. Rf3 Rf8 17. Raf1 Rxf3 18. Rxf3 Qg5 19. Qxg5 hxg5 20. c3
Bxa2 21. d4 Bb1 22. dxe5 Nxe5 23. Rh3+ Kg6 24. Rh8 Bxe4 25. Re8 Bc6 26. Re7 Nd7
27. Re8 Nf6 28. Re7 Nd5 29. Re4 Nxc3 30. Re7 Nd5 31. Re4 a5 32. Kf2 Kf5 33. Rc4
Bb5 34. Rc1 c5 35. Kf3 g4+ 36. Kf2 Ke4 37. Rd1 c4 38. Rd4+ Ke5 39. Rxg4 a4 40.
Rxg7 b6 41. Rg5+ Ke4 42. Rg4+ Ke5 43. Rg5+ Ke4 44. Rg4+ Ke5 45. Rg5+ 1/2-1/2

[Event "Junior Online 4NCL Division 4"]
[Site "online"]
[Date "2020.08.20"]
[Round "1.241"]
[White "Patel, Kamran"]
[Black "Vinodh, Sampriti"]
[Result "0-1"]
[WhiteElo "1037"]
[BlackElo "103"]
[PlyCount "74"]
[EventDate "2020.08.20"]
[WhiteTeam "May The Fork Be With You 6"]
[BlackTeam "East Kilbride Elephants"]

1. d4 d5 2. Nf3 Nf6 3. Bf4 Nc6 4. e3 Bf5 5. Nc3 e6 6. Bb5 Bd6 7. Bg5 Bb4 8. O-O
Bg4 9. Ne5 Bxd1 10. Raxd1 Bxc3 11. bxc3 a6 12. Bxc6+ bxc6 13. Nxc6 Qd6 14. Ne5
h6 15. Bf4 O-O 16. Rb1 Nh5 17. Bg3 Nxg3 18. fxg3 f6 19. Ng6 Rf7 20. Rf3 c5 21.
Nf4 cxd4 22. cxd4 Rb8 23. Rbf1 e5 24. dxe5 fxe5 25. Ne2 Rxf3 26. Rxf3 e4 27.
Rf1 Rb2 28. Nd4 Rxa2 29. Nf5 Qc7 30. Nd4 a5 31. Rc1 a4 32. Rb1 Ra3 33. Nb5 Qc5
34. Nxa3 Qxa3 35. Rb8+ Kh7 36. Rd8 Qc3 37. Rxd5 Qe1# 0-1

[Event "Junior Online 4NCL Division 4"]
[Site "online"]
[Date "2020.08.20"]
[Round "1.243"]
[White "Dalah, Jacob"]
[Black "Pandey, Annie"]
[Result "1-0"]
[WhiteElo "1037"]
[BlackElo "100"]
[PlyCount "55"]
[EventDate "2020.08.20"]
[WhiteTeam "May The Fork Be With You 6"]
[BlackTeam "East Kilbride Elephants"]

1. e4 e5 2. Nf3 Nc6 3. Bc4 Na5 4. Bd3 Nf6 5. Nc3 Bc5 6. O-O O-O 7. Re1 Ng4 8.
Rf1 Qf6 9. Nd5 Qh6 10. Be2 Qxh2+ 11. Nxh2 c6 12. Nc7 Rb8 13. Nxg4 Bd6 14. Nd5
cxd5 15. exd5 Bc7 16. b4 d6 17. bxa5 Bxa5 18. Ba3 Bb6 19. Bxd6 Rd8 20. Bxb8 Bd4
21. Bxe5 Bxa1 22. Bxa1 b5 23. Bxb5 f5 24. Ne3 f4 25. c4 fxe3 26. dxe3 Rf8 27.
Qd4 a5 28. Qxg7# 1-0

[Event "Junior Online 4NCL Division 4"]
[Site "online"]
[Date "2020.08.20"]
[Round "1.244"]
[White "Chaudhury, Raunak"]
[Black "Paz, Omri"]
[Result "0-1"]
[WhiteElo "100"]
[BlackElo "1037"]
[PlyCount "70"]
[EventDate "2020.08.20"]
[WhiteTeam "East Kilbride Elephants"]
[BlackTeam "May The Fork Be With You 6"]

1. e4 e5 2. Nc3 Nf6 3. Nf3 Nc6 4. Bc4 Nxe4 5. Nxe4 d5 6. Bxd5 Qxd5 7. Nc3 Qd8
8. Nxe5 Nxe5 9. d4 Ng6 10. h4 Nxh4 11. Bg5 Qxg5 12. Ne4 Qa5+ 13. Ke2 Bg4+ 14.
Kf1 Bxd1 15. Rxd1 O-O-O 16. Rxh4 Qxa2 17. Nc3 Qxb2 18. Rh3 Qa3 19. Nb5 Qa6 20.
Ra3 Qxb5+ 21. c4 Qxc4+ 22. Rad3 Rxd4 23. Ke1 Rxd3 24. Ke2 Rxd1+ 25. Kxd1 Bb4
26. f4 Qxf4 27. Kc2 Qf2+ 28. Kb3 Be7 29. Kc4 Qxg2 30. Kd4 Rd8+ 31. Ke5 Rd3 32.
Kf4 Qe2 33. Kf5 Rf3+ 34. Kg4 Qg2+ 35. Kh5 Rh3# 0-1

[Event "Junior Online 4NCL Division 4"]
[Site "online"]
[Date "2020.08.20"]
[Round "1.245"]
[White "Vinodh, Sampriti"]
[Black "Patel, Kamran"]
[Result "0-1"]
[WhiteElo "103"]
[BlackElo "1037"]
[PlyCount "58"]
[EventDate "2020.08.20"]
[WhiteTeam "East Kilbride Elephants"]
[BlackTeam "May The Fork Be With You 6"]

1. e4 e5 2. Bc4 Be7 3. Qh5 g6 4. Qf3 Nf6 5. Qe2 O-O 6. Nf3 d6 7. Nc3 Bg4 8. d3
Nc6 9. h3 Nd4 10. hxg4 Nxe2 11. Nxe2 c6 12. Bg5 b5 13. Bb3 Qa5+ 14. Bd2 Qb6 15.
Be3 Qd8 16. Ng5 c5 17. Bxf7+ Rxf7 18. Nxf7 Kxf7 19. Bg5 Kg7 20. Nc3 Qc8 21. Nd5
Qxg4 22. Nxe7 Qxg2 23. Rf1 Qxg5 24. Nd5 Nxd5 25. exd5 Qe7 26. O-O-O Qb7 27. c4
bxc4 28. dxc4 Rb8 29. f4 Qxb2# 0-1

[Event "Junior Online 4NCL Division 4"]
[Site "online"]
[Date "2020.08.20"]
[Round "1.246"]
[White "Illingworth-Law, Oscar"]
[Black "Hazra, Samriti"]
[Result "1-0"]
[WhiteElo "1037"]
[BlackElo "100"]
[PlyCount "57"]
[EventDate "2020.08.20"]
[WhiteTeam "May The Fork Be With You 6"]
[BlackTeam "East Kilbride Elephants"]

1. e4 e5 2. Nf3 Nc6 3. Nc3 Bc5 4. Bc4 Nf6 5. O-O O-O 6. d3 d6 7. Bg5 Bg4 8. h3
h6 9. hxg4 hxg5 10. Nxg5 Nxg4 11. Qxg4 Bd4 12. Nxf7 Qe7 13. Nxe5+ Rf7 14. Bxf7+
Kf8 15. Nxc6 Qxf7 16. Nxd4 c5 17. Ne6+ Ke8 18. Nxg7+ Kf8 19. Nf5 Ke8 20. Nxd6+
Ke7 21. Nxf7 Kxf7 22. Rfe1 Rg8 23. Qf4+ Ke7 24. e5 Rf8 25. Qg5+ Ke8 26. e6 b5
27. e7 Rf7 28. Qe5 Rxe7 29. Qxe7# 1-0

[Event "Junior Online 4NCL Division 4"]
[Site "online"]
[Date "2020.08.20"]
[Round "1.247"]
[White "Pandey, Annie"]
[Black "Dalah, Jacob"]
[Result "0-1"]
[WhiteElo "100"]
[BlackElo "1037"]
[PlyCount "60"]
[EventDate "2020.08.20"]
[WhiteTeam "East Kilbride Elephants"]
[BlackTeam "May The Fork Be With You 6"]

1. e4 e5 2. Nf3 Nc6 3. Bc4 Be7 4. Nc3 Nf6 5. Nh4 Nxe4 6. Nf5 Nxc3 7. Nxg7+ Kf8
8. Qg4 d5 9. Bb5 Bxg4 10. O-O Ne2+ 11. Kh1 Nxc1 12. Raxc1 Kxg7 13. f3 Bd7 14.
Bd3 Nb4 15. Be2 Nxa2 16. Ra1 Nb4 17. Ra5 b6 18. Ra3 Nxc2 19. Rd3 Bb5 20. Rb3
Bxe2 21. Rg1 Nd4 22. Ra3 Bxa3 23. bxa3 Nxf3 24. Rc1 Nxd2 25. Rc2 Qg5 26. Rxc7
Nc4 27. g3 Bf3+ 28. Kg1 Qe3+ 29. Kf1 Qe2+ 30. Kg1 Qg2# 0-1

[Event "Junior Online 4NCL Division 4"]
[Site "online"]
[Date "2020.08.20"]
[Round "1.248"]
[White "Paz, Omri"]
[Black "Chaudhury, Raunak"]
[Result "1-0"]
[WhiteElo "1037"]
[BlackElo "100"]
[PlyCount "89"]
[EventDate "2020.08.20"]
[WhiteTeam "May The Fork Be With You 6"]
[BlackTeam "East Kilbride Elephants"]

1. e4 e5 2. Nf3 Nc6 3. Bc4 Bc5 4. O-O Nf6 5. Nc3 d6 6. h3 Bxh3 7. gxh3 Qd7 8.
d3 Qxh3 9. Ng5 Ng4 10. Nxh3 O-O-O 11. Qxg4+ Kb8 12. Qxg7 Rhg8 13. Qxg8 Rxg8+
14. Kh2 Nd4 15. Bxf7 Rg7 16. Bh5 d5 17. Nxd5 Nxc2 18. Rb1 Nd4 19. Bh6 Rd7 20.
Nf6 Rd6 21. Ng4 Rd8 22. Bg5 Nf3+ 23. Kg3 Nxg5 24. Nxg5 Rg8 25. Nxh7 Rh8 26.
Nhf6 Rf8 27. Nd7+ Ka8 28. Nxf8 a5 29. Nxe5 Ka7 30. Rg1 a4 31. Nfd7 Bxf2+ 32.
Kxf2 a3 33. bxa3 Ka6 34. Nc4 Ka7 35. Nc5 b6 36. Na4 Ka6 37. Ncxb6 cxb6 38.
Rxb6+ Ka5 39. Rb4 Ka6 40. d4 Ka7 41. d5 Ka6 42. d6 Ka7 43. d7 Ka6 44. d8=Q Ka7
45. Qa5# 1-0

[Event "Junior Online 4NCL Division 4"]
[Site "online"]
[Date "2020.08.20"]
[Round "1.251"]
[White "Bradshaw, Cleo"]
[Black "Correa, Edward"]
[Result "0-1"]
[WhiteElo "1000"]
[BlackElo "1187"]
[PlyCount "90"]
[EventDate "2020.08.20"]
[WhiteTeam "JHJ 7"]
[BlackTeam "Manchester Juniors D"]

1. e4 c5 2. Bc4 e6 3. Nf3 d6 4. Nc3 a6 5. d3 Qc7 6. Bg5 Be7 7. Bxe7 Nxe7 8. O-O
Nd7 9. d4 cxd4 10. Qxd4 e5 11. Qe3 Qxc4 12. h3 Qc7 13. Nd5 Nxd5 14. exd5 b6 15.
Rfe1 O-O 16. Ng5 h6 17. Ne4 Bb7 18. Ng3 Bxd5 19. Nf5 Be6 20. Ne7+ Kh8 21. Qg3
Rae8 22. Ng6+ fxg6 23. Qxg6 Bf7 24. Qe4 Nc5 25. Qe3 d5 26. b4 Ne4 27. f3 Nc3
28. Rac1 d4 29. Qd3 Bc4 30. Qf5 Rxf5 31. g4 Rg5 32. h4 Rg6 33. h5 Rc6 34. b5
Bxb5 35. Kf2 Nxa2 36. Rb1 Rxc2+ 37. Kg1 d3 38. Red1 d2 39. Rxb5 axb5 40. Kf1
Rc1 41. Rxc1 Qxc1+ 42. Ke2 d1=R 43. Kf2 Red8 44. f4 Qxf4+ 45. Ke2 R8d2# 0-1

[Event "Junior Online 4NCL Division 4"]
[Site "online"]
[Date "2020.08.20"]
[Round "1.252"]
[White "Casserly, Darcy"]
[Black "Bryant, Amelie"]
[Result "0-1"]
[WhiteElo "1037"]
[BlackElo "970"]
[PlyCount "42"]
[EventDate "2020.08.20"]
[WhiteTeam "Manchester Juniors D"]
[BlackTeam "JHJ 7"]

1. e4 e5 2. Nf3 Nc6 3. Bc4 Bc5 4. Nc3 Nf6 5. d3 h6 6. O-O O-O 7. Bb5 Nd4 8.
Nxe5 d6 9. Nf3 Bg4 10. Nxd4 Bxd1 11. Rxd1 Bxd4 12. Nd5 Nxd5 13. exd5 Qf6 14.
Be3 Bxb2 15. Rab1 a6 16. Bc4 Rfe8 17. Re1 Bd4 18. Bxd4 Rxe1+ 19. Rxe1 Qxd4 20.
Re4 Qa1+ 21. Re1 Qxe1# 0-1

[Event "Junior Online 4NCL Division 4"]
[Site "online"]
[Date "2020.08.20"]
[Round "1.253"]
[White "Broachi, Zain"]
[Black "Winser, Frederick"]
[Result "0-1"]
[WhiteElo "820"]
[BlackElo "925"]
[PlyCount "144"]
[EventDate "2020.08.20"]
[WhiteTeam "JHJ 7"]
[BlackTeam "Manchester Juniors D"]

1. e4 e5 2. Bc4 d6 3. Qh5 g6 4. Qf3 Nh6 5. d3 Bg4 6. Qe3 Bg7 7. f3 Be6 8. Bxe6
fxe6 9. f4 exf4 10. Qxf4 e5 11. Qf2 Qd7 12. Nc3 Qe7 13. Nd5 Qd8 14. Nf3 c6 15.
Bg5 Qa5+ 16. Bd2 Qc5 17. Qe2 cxd5 18. exd5 Qxc2 19. O-O Qc5+ 20. Be3 Qxd5 21.
Rad1 Ng4 22. d4 Nxe3 23. Qxe3 Nc6 24. dxe5 Qxa2 25. exd6+ Kf8 26. Nd2+ Kg8 27.
d7 Rf8 28. g3 Bd4 29. Rxf8+ Kxf8 30. d8=Q+ Nxd8 31. Qxd4 Rg8 32. Rf1+ Ke7 33.
Qf6+ Kd7 34. Ne4 Qd5 35. Qf3 Qd4+ 36. Kh1 Qxb2 37. Nc5+ Kd6 38. Nd3 Qb3 39.
Qf6+ Kd5 40. Nf4+ Kc4 41. Rc1+ Kb4 42. Qd6+ Ka4 43. Ra1+ Kb5 44. Qd7+ Kb6 45.
Nd5+ Kc5 46. Rc1+ Kd4 47. Nf6+ Ke5 48. Nxg8 Qf3+ 49. Kg1 Qe3+ 50. Kf1 Qxc1+ 51.
Kf2 Qc5+ 52. Kg2 Qc6+ 53. Qxc6 Nxc6 54. Nh6 a5 55. Ng4+ Kd4 56. Kf2 a4 57. Nf6
a3 58. Ng4 a2 59. Kf3 a1=Q 60. Nf2 Qa3+ 61. Kg2 Qa2 62. Kf1 Nb4 63. Nd1 Nd3 64.
h4 Qa1 65. Ke2 Qa2+ 66. Kf1 Qd2 67. Kg1 Qxd1+ 68. Kg2 Qe2+ 69. Kg1 h5 70. Kh1
Qf2 71. g4 Nf4 72. gxh5 Qg2# 0-1

[Event "Junior Online 4NCL Division 4"]
[Site "online"]
[Date "2020.08.20"]
[Round "1.254"]
[White "Morgan, Alice"]
[Black "Bradshaw, Sam"]
[Result "0-1"]
[WhiteElo "865"]
[BlackElo "805"]
[PlyCount "98"]
[EventDate "2020.08.20"]
[WhiteTeam "Manchester Juniors D"]
[BlackTeam "JHJ 7"]

1. e4 e5 2. Nf3 Nc6 3. Nc3 Bc5 4. Bc4 Nf6 5. O-O d6 6. d3 Bg4 7. Bg5 O-O 8. h3
Bxf3 9. Qxf3 Nd4 10. Qd1 h6 11. Be3 Qd7 12. a4 Rad8 13. Bxd4 exd4 14. Ne2 c6
15. Nf4 Qc7 16. Qe2 d5 17. exd5 Qxf4 18. Qf3 Qxf3 19. gxf3 cxd5 20. Bb5 a6 21.
b4 Bxb4 22. Rab1 Bc3 23. Bc6 bxc6 24. Rb3 Nh5 25. Rb6 Nf4 26. Rxa6 Nxh3+ 27.
Kg2 Nf4+ 28. Kg3 Ne2+ 29. Kh3 Nf4+ 30. Kg3 Nh5+ 31. Kh3 g5 32. Rxc6 Rc8 33.
Rxh6 Ng7 34. Rg1 Ne6 35. f4 f6 36. fxg5 fxg5 37. Rxe6 Kf7 38. Re5 Rh8+ 39. Kg3
Kf6 40. Rxd5 Rcf8 41. f3 Bd2 42. Rd1 Bf4+ 43. Kg2 Rh2+ 44. Kf1 Rh1+ 45. Kg2
Rxd1 46. Rxd4 Be5 47. a5 Bxd4 48. a6 Rh8 49. Kg3 Rg1# 0-1

[Event "Junior Online 4NCL Division 4"]
[Site "online"]
[Date "2020.08.20"]
[Round "1.255"]
[White "Correa, Edward"]
[Black "Bradshaw, Cleo"]
[Result "1-0"]
[WhiteElo "1187"]
[BlackElo "1000"]
[PlyCount "127"]
[EventDate "2020.08.20"]
[WhiteTeam "Manchester Juniors D"]
[BlackTeam "JHJ 7"]

1. e4 e5 2. Nf3 Nc6 3. d4 exd4 4. Bc4 Nf6 5. e5 Ne4 6. Bd5 Nc5 7. Bxc6 bxc6 8.
Qxd4 Ne6 9. Qe3 Bc5 10. Qe2 Bb4+ 11. Bd2 Bxd2+ 12. Nbxd2 c5 13. O-O c6 14. Nc4
Rb8 15. Nd6+ Kf8 16. b3 Qb6 17. Nc4 Ba6 18. Nxb6 Bxe2 19. Rfe1 Bxf3 20. Nxd7+
Ke7 21. Nxb8 Rxb8 22. gxf3 Nd4 23. Red1 Nxf3+ 24. Kg2 Nh4+ 25. Kg1 Nf3+ 26. Kh1
Nxe5 27. Re1 f6 28. f4 Ke6 29. fxe5 fxe5 30. Re2 Rf8 31. Rae1 Rf5 32. a3 g5 33.
Kg2 h5 34. h3 g4 35. hxg4 hxg4 36. Kg3 Rg5 37. Kh4 Rg6 38. Rxe5+ Kd6 39. Rg5
Rxg5 40. Kxg5 g3 41. Rg1 g2 42. Rxg2 Kd5 43. c3 Kd6 44. Rd2+ Kc7 45. Kf5 Kb6
46. b4 cxb4 47. axb4 Kb5 48. Rd3 a6 49. Ke5 c5 50. bxc5 Kxc5 51. Rd5+ Kc4 52.
Ra5 Kxc3 53. Rxa6 Kd3 54. Ra4 Kc3 55. Kd5 Kb3 56. Rh4 Ka3 57. Kc5 Ka2 58. Rh3
Ka1 59. Rh2 Kb1 60. Kc4 Kc1 61. Kd3 Kb1 62. Kc3 Ka1 63. Kb3 Kb1 64. Rh1# 1-0

[Event "Junior Online 4NCL Division 4"]
[Site "online"]
[Date "2020.08.20"]
[Round "1"]
[White "Bryant, Amelie"]
[Black "Casserly, Darcy"]
[Result "1-0"]
[WhiteElo "970"]
[BlackElo "1037"]
[PlyCount "65"]
[EventDate "2020.08.20"]
[WhiteTeam "JHJ 7"]
[BlackTeam "Manchester Juniors D"]

1. e4 e5 2. Nf3 Nc6 3. Bc4 Bc5 4. d3 Nf6 5. Ng5 O-O 6. Nxf7 Rxf7 7. Bxf7+ Kxf7
8. O-O Kg8 9. c3 Ne8 10. Qb3+ Kh8 11. Be3 Bb6 12. Nd2 Qf6 13. Qa3 d6 14. Nc4
Qg6 15. g3 Bh3 16. Rfe1 Rd8 17. Bxb6 axb6 18. Re3 Qg5 19. b4 Nf6 20. f3 d5 21.
exd5 Nxd5 22. Re2 Nf6 23. b5 Ne7 24. Qxe7 Re8 25. Qxc7 Nd5 26. Qd7 Qh5 27. Qxd5
Rg8 28. Rxe5 Qxf3 29. Qxf3 Bd7 30. Qxb7 Bg4 31. Rae1 g5 32. Re8 Rxe8 33. Rxe8#
1-0

[Event "Junior Online 4NCL Division 4"]
[Site "online"]
[Date "2020.08.20"]
[Round "1.1"]
[White "Winser, Frederick"]
[Black "Broachi, Zain"]
[Result "0-1"]
[WhiteElo "925"]
[BlackElo "820"]
[PlyCount "60"]
[EventDate "2020.08.20"]
[WhiteTeam "Manchester Juniors D"]
[BlackTeam "JHJ 7"]

1. e4 e5 2. Nf3 Nc6 3. Bc4 Bc5 4. O-O Nf6 5. Ng5 O-O 6. Bxf7+ Rxf7 7. Nxf7 Kxf7
8. Qf3 Nd4 9. Qc3 Ne2+ 10. Kh1 Nxc3 11. dxc3 Nxe4 12. Be3 Be7 13. Rd1 Nxf2+ 14.
Bxf2 e4 15. Be3 d6 16. Rf1+ Kg8 17. Na3 d5 18. c4 Bd6 19. cxd5 Qh4 20. h3 Bxh3
21. Rf2 Bg3 22. Rf5 Bxf5+ 23. Kg1 Qh2+ 24. Kf1 Qh1+ 25. Ke2 Qxa1 26. Nb5 Qxa2
27. Nxc7 Bg4+ 28. Kd2 Rd8 29. b3 Qa1 30. Bg5 Qe1# 0-1

[Event "Junior Online 4NCL Division 4"]
[Site "online"]
[Date "2020.08.20"]
[Round "1.2"]
[White "Bradshaw, Sam"]
[Black "Morgan, Alice"]
[Result "1-0"]
[WhiteElo "805"]
[BlackElo "865"]
[PlyCount "77"]
[EventDate "2020.08.20"]
[WhiteTeam "JHJ 7"]
[BlackTeam "Manchester Juniors D"]

1. e4 e5 2. Nf3 Nc6 3. Nc3 Nf6 4. Bc4 Bc5 5. d3 d6 6. Bg5 h6 7. Bxf6 Qxf6 8. h3
Qf4 9. g3 Qf6 10. Nd5 Qd8 11. Qe2 O-O 12. O-O-O Nd4 13. Nxd4 Bxd4 14. Nc3 Qg5+
15. Kb1 Bd7 16. h4 Qe7 17. Nd5 Qd8 18. c3 Bc6 19. cxd4 Ba4 20. b3 Bc6 21. dxe5
Re8 22. Qg4 Rxe5 23. Qf4 a5 24. Nc3 Qf6 25. Qxf6 gxf6 26. f4 Re7 27. Nd5 Bxd5
28. Bxd5 b6 29. Bxa8 h5 30. f5 Re8 31. Bc6 Re7 32. Rhg1 Re5 33. g4 hxg4 34.
Rxg4+ Kf8 35. Rdg1 Rc5 36. Rg8+ Ke7 37. Bd5 Rc3 38. R1g7 Rxd3 39. Rxf7# 1-0

[Event "Junior Online 4NCL Division 4"]
[Site "online"]
[Date "2020.09.03"]
[Round "2.11"]
[White "McBrinn, Conall"]
[Black "Zhou, Sansan"]
[Result "1-0"]
[WhiteElo "1690"]
[BlackElo "1337"]
[PlyCount "77"]
[EventDate "2020.09.03"]
[WhiteTeam "JHJ 1"]
[BlackTeam "Barnet Knights C"]

1. d4 d5 2. c4 e6 3. Nc3 Nf6 4. Bg5 Be7 5. Nf3 Nbd7 6. e3 c6 7. c5 O-O 8. Bd3
Re8 9. O-O Qc7 10. Bf4 Qd8 11. Ne5 Nxe5 12. Bxe5 Nd7 13. f4 Nxe5 14. fxe5 b6
15. b4 a5 16. a3 axb4 17. axb4 Rxa1 18. Qxa1 Bd7 19. Qd1 bxc5 20. bxc5 Qa5 21.
Qc2 f6 22. Bxh7+ Kf8 23. Qg6 Qd8 24. exf6 Bxf6 25. g4 Ke7 26. g5 Rf8 27. gxf6+
gxf6 28. Qg7+ Rf7 29. Qh6 Qh8 30. Qf4 Qxh7 31. Qd6+ Ke8 32. Qb8+ Ke7 33. Qd6+
Ke8 34. Ra1 Rg7+ 35. Kh1 Qd3 36. Ra8+ Kf7 37. Qxd7+ Kg6 38. Qe8+ Kh7 39. Qh5#
1-0

[Event "Junior Online 4NCL Division 4"]
[Site "online"]
[Date "2020.09.03"]
[Round "2.12"]
[White "Vyas, Rayaan"]
[Black "Yu, William"]
[Result "0-1"]
[WhiteElo "1255"]
[BlackElo "1592"]
[PlyCount "48"]
[EventDate "2020.09.03"]
[WhiteTeam "Barnet Knights C"]
[BlackTeam "JHJ 1"]

1. e4 e6 2. d4 d5 3. Nc3 dxe4 4. Nxe4 Nd7 5. Nf3 Ngf6 6. Bd3 Nxe4 7. Bxe4 Nf6
8. Qd3 c6 9. O-O Bd6 10. Be3 Bd7 11. a3 h6 12. b4 a5 13. c3 O-O 14. Rfd1 Qc7
15. g3 Ra6 16. Qd2 Nxe4 17. Qd3 Nf6 18. Qd2 Rfa8 19. h4 Nd5 20. Bxh6 Bxg3 21.
fxg3 Qxg3+ 22. Qg2 Qxg2+ 23. Kxg2 gxh6 24. Ne5 Be8 0-1

[Event "Junior Online 4NCL Division 4"]
[Site "online"]
[Date "2020.09.03"]
[Round "2.13"]
[White "O'neill, Kai"]
[Black "Teitelbaum, Teddy"]
[Result "0-1"]
[WhiteElo "1577"]
[BlackElo "1330"]
[PlyCount "50"]
[EventDate "2020.09.03"]
[WhiteTeam "JHJ 1"]
[BlackTeam "Barnet Knights C"]

1. d4 d5 2. Bf4 Bf5 3. e3 e6 4. c4 Nf6 5. Nc3 Bb4 6. a3 Bxc3+ 7. bxc3 O-O 8.
Bd3 Ne4 9. f3 Nxc3 10. Qc2 Bxd3 11. Qxd3 Na4 12. c5 Nc6 13. Qb5 Nc3 14. Qd3 Na4
15. Rc1 a6 16. Rc2 b5 17. cxb6 cxb6 18. Rxc6 Rc8 19. Rd6 Rc1+ 20. Kd2 Nb2 21.
Qxa6 Qc7 22. Rxb6 Qc3+ 23. Ke2 Rc2+ 24. Kf1 Nd3 25. Ne2 Qe1# 0-1

[Event "Junior Online 4NCL Division 4"]
[Site "online"]
[Date "2020.09.03"]
[Round "2.14"]
[White "Malus, Sean"]
[Black "Aserkoff, Daniel"]
[Result "0-1"]
[WhiteElo "1330"]
[BlackElo "1547"]
[PlyCount "62"]
[EventDate "2020.09.03"]
[WhiteTeam "Barnet Knights C"]
[BlackTeam "JHJ 1"]

1. e4 e5 2. Nf3 Nc6 3. Bc4 Nf6 4. Nc3 Bc5 5. d3 h6 6. h3 d6 7. Be3 Bb6 8. Bxb6
axb6 9. Qd2 Be6 10. O-O-O O-O 11. Bb3 Bxb3 12. cxb3 Nb4 13. a3 Nc6 14. Nb5 Na5
15. Nc3 Nxb3+ 16. Kc2 Nxd2 17. Nxd2 c6 18. g4 d5 19. g5 hxg5 20. h4 g4 21. h5
d4 22. Ne2 Qd6 23. h6 g6 24. Rh2 Kh7 25. Rdh1 Nh5 26. Nf1 Qc5+ 27. Kd2 Qa5+ 28.
b4 Qxa3 29. Nfg3 Qb2+ 30. Kd1 Ra1+ 31. Nc1 Rxc1# 0-1

[Event "Junior Online 4NCL Division 4"]
[Site "online"]
[Date "2020.09.03"]
[Round "2.15"]
[White "Zhou, Sansan"]
[Black "McBrinn, Conall"]
[Result "1/2-1/2"]
[WhiteElo "1337"]
[BlackElo "1690"]
[PlyCount "55"]
[EventDate "2020.09.03"]
[WhiteTeam "Barnet Knights C"]
[BlackTeam "JHJ 1"]

1. e4 e6 2. Nf3 d5 3. exd5 exd5 4. d4 Nc6 5. Nc3 Nf6 6. Bg5 Be6 7. Bb5 Bd6 8.
Qd3 a6 9. Bxc6+ bxc6 10. Ne5 Bd7 11. Nxd7 Qxd7 12. Bxf6 gxf6 13. O-O-O Bf4+ 14.
Kb1 Rb8 15. g3 Bd6 16. Qf3 Be7 17. Rde1 Qd6 18. Re2 Qa3 19. b3 Kd7 20. Rhe1
Rhe8 21. Qf5+ Kd8 22. Qxh7 Qb4 23. Qxf7 a5 24. Kc1 Qxc3 25. Rxe7 Qa1+ 26. Kd2
Qxd4+ 27. Kc1 Qa1+ 28. Kd2 1/2-1/2

[Event "Junior Online 4NCL Division 4"]
[Site "online"]
[Date "2020.09.03"]
[Round "2.16"]
[White "Yu, William"]
[Black "Vyas, Rayaan"]
[Result "1-0"]
[WhiteElo "1592"]
[BlackElo "1255"]
[PlyCount "49"]
[EventDate "2020.09.03"]
[WhiteTeam "JHJ 1"]
[BlackTeam "Barnet Knights C"]

1. d4 Nf6 2. Bf4 g6 3. e3 Bg7 4. Be2 O-O 5. Nf3 d6 6. Nbd2 c5 7. c3 Nc6 8. h3
Bf5 9. O-O Qb6 10. Nc4 Qc7 11. dxc5 Ne4 12. cxd6 exd6 13. Nxd6 Ne5 14. Nxe4
Bxe4 15. Qd4 Rfd8 16. Qxe4 Nxf3+ 17. Bxf3 Qd7 18. Qxb7 Qd2 19. Rfd1 Qc2 20. Qc7
Rxd1+ 21. Rxd1 Re8 22. Rd8 Qc1+ 23. Kh2 Rxd8 24. Qxd8+ Bf8 25. Bd6 1-0

[Event "Junior Online 4NCL Division 4"]
[Site "online"]
[Date "2020.09.03"]
[Round "2.17"]
[White "Teitelbaum, Teddy"]
[Black "O'neill, Kai"]
[Result "1-0"]
[WhiteElo "1330"]
[BlackElo "1577"]
[PlyCount "41"]
[EventDate "2020.09.03"]
[WhiteTeam "Barnet Knights C"]
[BlackTeam "JHJ 1"]

1. f4 d5 2. e3 Bf5 3. b3 e6 4. Bb2 Nf6 5. Nf3 c5 6. Ne5 Nc6 7. Nxc6 bxc6 8. Ba6
Qb6 9. Be2 Ne4 10. g4 Bg6 11. Rf1 h6 12. f5 Bh7 13. fxe6 fxe6 14. g5 Nxg5 15.
Bh5+ Ke7 16. h4 Ne4 17. d3 Ng3 18. Rf7+ Kd6 19. d4 Nxh5 20. Qxh5 g6 21. Qe5#
1-0